| 000 | 00394nam a22001457a 4500 | ||
|---|---|---|---|
| 005 | 20231130071335.0 | ||
| 008 | 231130b |||||||| |||| 00| 0 eng d | ||
| 041 | _aEnglish | ||
| 082 | _a340 LAW | ||
| 100 | _lEnglish | ||
| 245 |
_aWomen and the Law : _bConference Report |
||
| 300 |
_b27 pages ; _c30 cm. |
||
| 650 |
_aLegal practice _bLaw |
||
| 942 |
_cBK _6ALISON_BN_VRIES |
||
| 999 |
_c1072 _d1072 |
||